000
00243nam a2200097 a 4500
005
20200930075722.0
008
120117s1978 000 spa d
245
0
_a
The language of layout.
260
_a
Englewood Cliffs,
_c
1978.
999
_c
35902
_d
35902
040
_a
DO-SdBNP